000
00196nmm a2200085Ia 4500
008
220120s9999||||xx |||||||||||||||||und||
100
_a
Hubbard, Ron, L
245
0
_a
Problems of work
260
_c
2005
999
_c
139352
_d
139352